000 00554nam a2200193Ia 4500
005 20250508153138.0
008 008 250505s9999 xx 000 0 eng d
037 _aTextual
040 _aFEDL
_beng
_cFEDL
041 _aeng
_2eng
084 _a301.4209922, GEE
_qFEDL
100 _aGeertz Hildred
245 0 _aJavanese family : A study of kinship and socialization
260 _aGlencoe
_bThe Free Press
_c1961
300 _axii,176p.
650 _aSociology
942 _cTEXL
_h301.4209922, GEE
999 _c1340898
_d1340898